music trivia: state origins of American music genres - Statistics

General Stats
  • This quiz has been taken 58 times
  • The average score is 8 of 15
Answer Stats
This music genre emerged... ...from this U.S. state, territory or district. % Correct
Surf rock California
92%
Bluegrass Kentucky (and Tennessee)
86%
Jazz Louisiana
82%
Grunge Washington
80%
Hip Hop New York
78%
Tejano Texas
76%
the Bakersfield sound California
73%
Zydeco Louisiana
55%
House music Illinois
41%
Techno Michigan
35%
Bebop Missouri/New York
35%
Reggaeton Puerto Rico
33%
Paisley underground California
20%
Go-go Washington, D.C.
18%
Boogie-woogie Texas
12%
No matching quizzes found
Score Distribution
Percent of People with Each Score
Percentile by Number Answered
Your Score History
You have not taken this quiz